Which country have these food - Statistics

General Stats
  • This quiz has been taken 17 times
  • The average score is 9 of 24
Answer Stats
Hint Answer % Correct
Pizza Italy
86%
Rice China
79%
Burger United States/Germany
79%
Blueberry United States
71%
French Fries Belgium
64%
Chips United Kingdom
57%
Noodle China
50%
Chili Mexico
36%
Muffin United Kingdom
36%
Peach China
29%
Vanila Mexico
29%
Potatoes Peru/Bolivia
29%
Carrot Afghanistan/Iran
21%
Tomato Bolivia/Peru/Ecuador/Chile/Colombia
21%
Bread Egypt
21%
Wine Georgia/Armenia/Azerbaijan
21%
Black pepper India
21%
Banana Indonesia/Malaysia/Philippines
21%
Cookie Iran
21%
Yogurts Turkey
21%
Cake Egypt
14%
Cucumber India
14%
Mangosteens Indonesia/Malaysia
14%
Pumpkin Mexico
14%
No matching quizzes found
Score Distribution
Percent of People with Each Score
Percentile by Number Answered
Your Score History
You have not taken this quiz